載入...

Project report

書目詳細資料
格式: Printed Book
LEADER 00339nam a2200097 4500
082 |a 004.65 
245 |a Project report  |h [Text] 
300 |a 1065  
942 |c BK 
999 |c 83306  |d 83306 
952 |0 0  |1 0  |4 0  |6 004_650000000000000  |7 0  |9 75552  |a SOCS  |b SOCS  |d 2015-06-11  |g 150.00  |l 0  |o 004.65  |p SOCS2643  |r 2015-06-11  |w 2015-06-11  |y BK